Dum Dum Pops Flavors Quiz Stats

Quiz Updated Aug 28, 2015

Challenge
Share
Tweet
Embed
Score 0/34 Timer 08:00
2 Plays Today
Years Flavor % Correct
1953-presentCherry
91.8%
1954-presentStrawberry
90.9%
1953-presentGrape
86.5%
1953-2000Orange
83.7%
1953-2000Lemon
83.3%
1953-61,1968-presentRoot Beer
82.6%
1991-2000, 2001-presentSour Apple
78.8%
1953-91Lime
77%
1982-presentWatermelon
71.6%
1955-60,1966-75, 2002-08Chocolate
70.7%
1960-66, 2005-08Banana
66.9%
1961-68, 1975-82Raspberry
61.3%
1970-presentPineapple
54.5%
2010-presentSavannah Blueberry
53.6%
2002-presentBubble Gum
50.7%
2002-presentCotton Candy
48.8%
1995-presentBlu Raspberry
48.4%
Years Flavor % Correct
1953-presentButterscotch
47.6%
1987-2002Peach
47.5%
2007-presentAshlynn Coconut
44.7%
2008-presentMango
43.8%
1968-presentCream Soda
43.5%
2008-presentTangerine
29.2%
2000-01Buttered Popcorn
27.1%
1953-70, 2005-08Coconut-Pineapple
23.6%
2000-06Fruit Punch
22.5%
2005-presentPink Lemonade
21.9%
1968-70Black Cherry
16.2%
2009-presentBanana Split
14.6%
2000-09Cherry Cola
13.3%
2009-presentStrawberry Shortcake
12.8%
2000-02Orange Cream
10.4%
2013-presentPeach Mango
10.4%
2013-presentRaspberry Lemonade
8.8%

You're not logged in!

Compare scores with friends on all Sporcle quizzes.
Join for Free
OR
Log In

You Might Also Like...

Show Comments

Extras

Top Quizzes Today


Score Distribution

Your Account Isn't Verified!

In order to create a playlist on Sporcle, you need to verify the email address you used during registration. Go to your Sporcle Settings to finish the process.

Report this User

Report this user for behavior that violates our Community Guidelines.

Details: